000 01736nam a2200313Ia 4500
999 _c54913
_d54913
001 21984
003 GE_BSU
005 20220921172724.0
008 181216s2010||||ge |||||||||||||| ||geo||
020 _a9789941128653
040 _cGE_BSU
041 _ageo
080 _a821.353.1.09 ბ-65
100 _aბიბილეიშვილი, იური
_9800
245 _aრევაზ მიშველაძე სალიტერატურო კრიტიკაში /
_cიური ბიბილეიშვილი ; რედ. : სოსო სიგუა, ავთანდილ ნიკოლეიშვილი.
250 _a[I-ლი გამოცემა]
264 _aთბილისი :
_bუნივერსალი,
_c2010.
300 _a196 გვ. ;
_c29 სმ.
500 _aეძღვნება რევაზ მიშველაძის დაბადების 70-ე წლისთავს
520 _aეძღვნება რევაზ მიშველაძის დაბადების 70-ე წლისთავს.
541 _h12ლ.
653 _aრევაზ მიშველაძე სალიტერატურო კრიტიკაში
653 _aქართველი მწერლები
653 _aქართული ლიტერატურის ისტორია და კრიტიკა
653 _aქართული ლიტერატურა
700 _aსიგუა, სოსო
_eრედაქტორი
_95588
700 _aნიკოლეიშვილი, ავთანდილ
_eრედაქტორი
_9296
942 _cBK
_2udc